|
|
|
|
| LEADER |
00000nam0a2200000 4500 |
| 001 |
234340 |
| 005 |
20231101231319.0 |
| 035 |
|
|
|a (RuTPU)RU\TPU\book\255462
|
| 090 |
|
|
|a 234340
|
| 100 |
|
|
|a 20130322d2009 k y0rusy50 ca
|
| 101 |
0 |
|
|a rus
|
| 102 |
|
|
|a RU
|
| 105 |
|
|
|a a z 001zy
|
| 200 |
1 |
|
|a Акустические, упругие и неупругие свойства кристаллов галогенатов натрия
|e монография
|f В. Н. Беломестных, Э. Г. Соболева
|g Томский политехнический университет (ТПУ), Юргинский технологический институт (ЮТИ)
|
| 210 |
|
|
|a Томск
|c Изд-во ТПУ
|d 2009
|
| 215 |
|
|
|a 275 с.
|c ил.
|
| 316 |
|
|
|5 63413507: 13-504
|a На форзаце дарственная надпись: "В дар коллективу справочно-библиографического отдела НТБ ТПУ от авторов. Соучастие в поиске необходимых для написания книги материалов существенно ускоряет ее выход в "свет". Томск-Юрга. 2009.10.20. Беломестных, Соболева"
|
| 320 |
|
|
|a Библиогр.: с. 259-275.
|
| 330 |
|
|
|a Монография посвящена систематическому изложению акустических, упругих и неупругих свойств кристаллов неорганических соединений натрия с общей формулой ЫаХОз (X = CI, Br, I). Данные вещества входят в ipynny галогенатов щелочных металлов, являются практически важными многофункциональными материалами и удобными модельными объектами для изучения особенностей межатомного взаимодействия в ионно-молекулярных диэлектриках. Кратко приведены общие свойства кристаллов галогенатов натрия и детально их акустические и упругие параметры как при стандартных условиях, так и при внешних воздействиях (температура, деформация, облучение). Предназначена для студентов, аспирантов, преподавателей вузов, научных работников акустического, физико-химического и материаловедческого профилей.
|
| 606 |
1 |
|
|a Натрий, галогенаты
|x Химия
|2 stltpush
|3 (RuTPU)RU\TPU\subj\75079
|9 86960
|
| 610 |
1 |
|
|a неорганическая химия
|
| 610 |
1 |
|
|a кристаллы
|
| 610 |
1 |
|
|a кристаллические свойства
|
| 610 |
1 |
|
|a акустические свойства
|
| 610 |
1 |
|
|a упругие свойства
|
| 610 |
1 |
|
|a неупругие свойства
|
| 610 |
1 |
|
|a физико-химические свойства
|
| 610 |
1 |
|
|a монографии
|
| 610 |
1 |
|
|a труды учёных ТПУ
|
| 610 |
1 |
|
|a дарственные надписи
|
| 610 |
1 |
|
|a дары автора
|
| 610 |
1 |
|
|a дары библиотеке
|
| 675 |
|
|
|a 546.33
|v 3
|
| 700 |
|
1 |
|a Беломестных
|b В. Н.
|c физик, физико-химик
|c профессор Юргинского технологического института (филиал) Томского политехничесого университета
|f 1939-
|g Владимир Николаевич
|2 stltpush
|3 (RuTPU)RU\TPU\pers\25113
|
| 701 |
|
1 |
|a Соболева
|b Э. Г.
|c физик
|c доцент Юргинского технологического института (филиал) Томского политехнического университета, кандидат физико-математических наук
|f 1976-
|g Эльвира Гомеровна
|2 stltpush
|3 (RuTPU)RU\TPU\pers\27511
|
| 712 |
0 |
2 |
|a Томский политехнический университет (ТПУ)
|b Юргинский технологический институт (ЮТИ)
|c (2003-2009)
|2 stltpush
|3 (RuTPU)RU\TPU\col\12451
|
| 801 |
|
1 |
|a RU
|b 63413507
|c 20130322
|
| 801 |
|
2 |
|a RU
|b 63413507
|c 20221017
|g RCR
|
| 942 |
|
|
|c BK
|